000
00295nam a2200109Ia 4500
008
201231s9999 xx 000 0 und d
100
_a
Trivedi, Harshad R.
245
0
_a
Scheduled castes Quest for Land and Social Equality
260
_a
New Delhi
_b
Concept Publishing
300
_a
227
942
_c
BK
999
_c
9446
_d
9446